| 000 | 01286cam a2200337 a 4500 | ||
|---|---|---|---|
| 999 |
_c527375 _d527375 |
||
| 001 | 15433856 | ||
| 003 | NUST | ||
| 005 | 20190726043031.0 | ||
| 008 | 080829s2009 enka b 001 0 eng | ||
| 010 | _a 2008038552 | ||
| 020 | _a9780470032565 (cloth) | ||
| 020 | _a0470032561 (cloth) | ||
| 035 | _a(OCoLC)ocn245024946 | ||
| 038 | _awaseem | ||
| 040 |
_aDLC _cDLC _dBWKUK _dBWK _dYDXCP _dCDX _dBTCTA _dCOD _dCUV _dMUQ _dDEBBG _dDLC |
||
| 050 | 0 | 0 |
_aTK5103.2 _b.A445 2009 |
| 082 | 0 | 0 |
_a621.384 _bAKY |
| 084 |
_aST 200 _2rvk |
||
| 100 | 1 |
_aAkyildiz, Ian Fuat. _918593 |
|
| 245 | 1 | 0 |
_aWireless mesh networks / _cIan F. Akyildiz, Xudong Wang. |
| 260 |
_aChichester, U.K. : _bWiley, _c2009. |
||
| 300 |
_axvi, 308 p. : _bill. ; _c25 cm. |
||
| 440 | 0 |
_aAdvanced texts in communications and networking _918594 |
|
| 504 | _aIncludes bibliographical references (p. [285]-300) and index. | ||
| 650 | 0 |
_aWireless communication systems. _9594 |
|
| 700 | 1 |
_aWang, X. _q(Xudong) _918595 |
|
| 856 | 4 | 1 |
_3Table of contents only _uhttp://www.loc.gov/catdir/toc/ecip0827/2008038552.html |
| 906 |
_a7 _bcbc _corignew _d1 _eecip _f20 _gy-gencatlg |
||
| 942 |
_2ddc _cBK |
||